Paroles : Infinity - One Direction - Statistiques

Statistiques générales
  • Ce quiz a été pris 90 fois
    89 depuis la dernière actualisation
  • Le résultat moyen est 259 sur 333
Statistiques - réponses
Réponse % Correct
I
100%
i
100%
a
98%
to
98%
you
98%
in
96%
it
96%
the
96%
heart
94%
infinity
94%
Infinity
94%
on
94%
my
92%
count
90%
How
90%
time
90%
when
90%
When
90%
would
90%
know
88%
like
88%
many
88%
some
88%
stars?
88%
take
88%
an
86%
fix
86%
Oh
86%
was
86%
Down
84%
ever
84%
nights
84%
yeah
84%
Yeah
84%
All
82%
all
82%
earth
82%
for
82%
from
82%
no
82%
That's
82%
there
82%
baby
80%
hurts
80%
miles
80%
truth
80%
way
80%
does
78%
hour
78%
I'm
78%
million
78%
and
76%
And
76%
far
76%
feel
76%
one
76%
Two
76%
wanted
76%
everybody
73%
Everybody
73%
step
73%
Keep
71%
keep
71%
now
71%
steps
71%
wants
71%
but
67%
falling
67%
If
67%
It's
67%
okay
67%
someone
67%
stay?
67%
closer
65%
never
63%
of
63%
out
63%
wished
63%
hopping
61%
mine
61%
somehow
61%
faster
59%
have
59%
than
59%
being
57%
Going
57%
Lie
57%
only
57%
they're
57%
still
55%
Trying
55%
breath
53%
catch
53%
tried
53%
counted
51%
awake
49%
frozen
49%
with
49%
world
49%
'round
47%
turns
47%
Moving
45%
motion
43%
reverse
43%
away
41%
can't
41%
shine
41%
spinning
41%
behind
39%
Eyes
39%
there's
39%
Stuck
37%
bright
35%
burning
33%
something
33%
running
31%
Unless
29%
wheels
27%
left
24%
myself
18%
nothing
18%
Since
18%
went
18%
Aucun quiz correspondant
Distribution des résultats
% des personnes avec chaque résultat
Percentile par nombre de réponses
Votre historique - résultats
Vous n’avez pas pris ce quiz depuis la dernière actualisation